000 00472nam a22001817a 4500
003 NUST - PNEC
005 20170116181053.0
008 150930b xxu||||| |||| 00| 0 eng d
020 _a0071463062
040 _cLIBRARY
082 _a621.4021 POT
100 _911954
_aPotter, Merle C
245 _aSchaum's outline of thermodynamics for engineers
_cMerle C Potter
250 _a2nd ed.
260 _cc.1993
650 _911953
_aThermodynamics
_xME
942 _2ddc
_cBK
999 _c68456
_d68456